000 00314pam a2200133 a 4500
020 _c
041 _h
100 _aTony Bennett.
245 _aSinatra (Rembering)
_bSinatra (Rembering)
_hTextual Documents
250 _a1998.
260 _a[s.l]:
_bA Life in Pictures
300 _a128:
_bHard.
930 _a3124
999 _c236914
_d236914